000 05437cam a22019334i 4500
003 PE-LiUPU
005 20250813165355.0
008 160727s2012 pe a rb 000 0 spa d
020 _a9972382605
020 _a9789972382604
035 _a(Sirsi) a162635
040 _aPE-LiUPU
_bspa
_cPE-LiUPU
_erda
049 _aPRUA
082 0 4 _a690.2
_bA11
_223
082 0 4 _a690.2
_bA11 2012
100 1 _aAbanto Castillo, Flavio,
_eautor.
245 1 0 _aAnálisis y diseño de edificaciones de albañilería /
_cFlavio Abanto Castillo.
264 1 _aLima :
_bEditorial San Marcos ;
_c2012.
300 _a312 páginas :
_bilustraciones ;
_c24 centímetros.
336 _atext
_2rdacontent
337 _aunmediated
_2rdamedia
338 _avolume
_2rdacarrier
504 _aIncluye bibliografía.
505 0 _aIntroducción -- Tipos de estructuras -- Acciones sobre las estructuras -- Terminología -- Componentes de la albañilería confinada -- Esquemas estructural de las edificaciones de albañilería confinada -- La albañilería frente al sismo -- Estructuración -- Anáñisis estructural -- Diseño de muros portantes de albañilería confinada -- Proyecto -- Muros no portantes -- Insumos.
526 _aP203
526 _aP200
526 _aSEG65
526 _aSEG64
526 _aSEG63
526 _aSEG62
526 _aSEG61
526 _aSEG60
526 _aSEG59
526 _aSEG58
526 _aSEG57
526 _aSEG56
526 _aSEG55
526 _aSEG54
526 _aSEG53
526 _aSEG52
526 _aSEG51
526 _aSEG50
526 _aSEG49
526 _aSEG48
526 _aSEG47
526 _aSEG46
526 _aSEG24
526 _aSEG23
526 _aSEG22
526 _aSEG21
526 _aSEG20
526 _aSEG19
526 _aSEG18
526 _aSEG17
526 _aSEG16
526 _aSEG14
526 _aSEG13
526 _aSEG12
526 _aSEG11
526 _aSEG10
526 _aSEG09
526 _aSEG06
526 _aSEG05
526 _aSEG04
526 _aSEG03
526 _aSEG02
526 _aSEG68
526 _aSEG66
526 _aSEG45
526 _aSEG25
526 _aSEG01
526 _aP163
526 _aP162
526 _aP161
526 _aP160
526 _aP159
526 _aP158
526 _aP157
526 _aP156
526 _aP155
526 _aP154
526 _aP153
526 _aP152
526 _aP151
526 _aP150
526 _aP149
526 _aP142
526 _aP141
526 _aP140
526 _aP139
526 _aP138
526 _aP137
526 _aP132
526 _aP131
526 _aP130
526 _aP126
526 _aP125
526 _aP124
526 _aP123
526 _aP115
526 _aP122
526 _aP121
526 _aP116
526 _a P114
526 _aP112
526 _aP111
526 _aP104
526 _aP103
526 _aP102
526 _aP101
526 _aP100
526 _aP96
526 _aP95
526 _aP93
526 _aP92
526 _aP91
526 _aP88
526 _aP83
526 _aP82
526 _aP79
526 _aP78
526 _aP75
526 _aP74
526 _aP71
526 _aP69
526 _a P51
526 _aP49
526 _aP48
526 _aP47
526 _aP33
526 _aP31
526 _a P30
526 _aP29
526 _aP27
526 _aP26
526 _aP25
526 _aP24
526 _a P22
526 _aP10
526 _aP09
526 _a P08
526 _aP06
526 _aP05
526 _aP04
526 _aP01
541 _g0020-0000827;
541 _g0014-0001980;
650 1 8 _aConstrucción de viviendas.
_936
650 2 8 _aConstrucciones antisísmicas.
_9120
650 2 8 _aAlbañilería
_vManuales, etc.
650 2 8 _aEstructuras
_xDiseño y construcción.
910 _armch
_btqv
_cemss
_d20160727
910 _ajck
_bjos
_cjck
_d20160815
942 _2ddc
_cBOOK
949 _a690.2 A11 2012
_wDEWEY
_c1
_iFJ01328
_lCCODEBUJ1
_mBUJ
_p7.79
_r0
_sY
_tBOOK
_u2016-07-27
_xINGENIERIA
_PP25
_0COMPRA
_o.STAFF. Colección General Juliaca
949 _a690.2 A11 2012
_wDEWEY
_c2
_iFJ06747
_lCCODEBUJ1
_mBUJ
_p7.92
_r0
_sY
_tBOOK
_u2017-02-13
_xINGENIERIA
_PP25
_0COMPRA
_o.STAFF. Colección General Juliaca
949 _a690.2 A11
_wDEWEY
_c2
_i74415
_lCATALOGING
_mBUL
_p7.79
_r0
_sY
_tBOOK
_u2016-08-15
_xINGENIERIA
_PP25
_0COMPRA
_o.STAFF. Colección General
994 _aC0
_bPEPRU
596 _a1 3
999 _a690.2 A11 2012
_wDEWEY
_c11596
_iFJ01328
_d11596
_e2019-11-18
_f2022-2-1
_g4
_lCCODEBUJ1
_mBUJ
_n11
_p7.79
_q7
_r0
_sY
_tBOOK
_u2016-7-27
_xINGENIERIA
_PP25
_0COMPRA
_o.STAFF. Colección General Juliaca
999 _a690.2 A11 2012
_wDEWEY
_c2
_iFJ06747
_d2019-8-27
_e2019-8-23
_f2022-2-1
_g4
_lCCODEBUJ1
_mBUJ
_n8
_p7.92
_q3
_r0
_sY
_tBOOK
_u2017-2-13
_xINGENIERIA
_PP25
_0COMPRA
_o.STAFF. Colección General Juliaca
999 _a690.2 A11
_wDEWEY
_c1
_i74415
_d2019-6-14
_e2019-6-11
_f2021-11-9
_g7
_lCCODEBUL1
_mBUL
_n10
_p7.79
_q5
_r0
_sY
_tBOOK
_u2016-8-15
_xINGENIERIA
_PP25
_0COMPRA
_o.STAFF. Colección Ingeniería y Arquitectura
980 _81
_gALBERTO SANCHEZ Responsable de Automatización